| 000 -LEADER |
| fixed length control field |
00784nam a2200241 a 4500 |
| 001 - CONTROL NUMBER |
| control field |
11072 |
| 003 - CONTROL NUMBER IDENTIFIER |
| control field |
BD-DhUAP |
| 005 - DATE AND TIME OF LATEST TRANSACTION |
| control field |
20200203143627.0 |
| 008 - FIXED-LENGTH DATA ELEMENTS--GENERAL INFORMATION |
| fixed length control field |
200203m20132004bg a b 001 0 eng d |
| 020 ## - INTERNATIONAL STANDARD BOOK NUMBER |
| International Standard Book Number |
984321148X |
| 040 ## - CATALOGING SOURCE |
| Original cataloging agency |
BD-DhUAP |
| Transcribing agency |
BD-DhUAP |
| Modifying agency |
BD-DhUAP |
| Language of cataloging |
Eng |
| 082 00 - DEWEY DECIMAL CLASSIFICATION NUMBER |
| Classification number |
347.5492 HAL |
| Edition number |
23 |
| 100 1# - MAIN ENTRY--PERSONAL NAME |
| Personal name |
Halim, Md. Abdul. |
| 245 10 - TITLE STATEMENT |
| Title |
The Legal System of Bangladesh : |
| Remainder of title |
a comparative study of problems and procedure in legal institutions / |
| Statement of responsibility, etc. |
Md. Abdul Halim. |
| 250 ## - EDITION STATEMENT |
| Edition statement |
7th ed. |
| 260 ## - PUBLICATION, DISTRIBUTION, ETC. |
| Place of publication, distribution, etc. |
Dhaka : |
| Name of publisher, distributor, etc. |
CCB Foundation, |
| Date of publication, distribution, etc. |
c2004 [2013]. |
| 300 ## - PHYSICAL DESCRIPTION |
| Extent |
496 pages : |
| Other physical details |
illustrations ; |
| Dimensions |
22 cm. |
| 504 ## - BIBLIOGRAPHY, ETC. NOTE |
| Bibliography, etc. note |
Includes bibliography and index. |
| 650 #0 - SUBJECT ADDED ENTRY--TOPICAL TERM |
| Topical term or geographic name entry element |
Constitutional Law. |
| 650 #0 - SUBJECT ADDED ENTRY--TOPICAL TERM |
| Topical term or geographic name entry element |
Law |
| Geographic subdivision |
Bangladesh. |
| 942 ## - ADDED ENTRY ELEMENTS (KOHA) |
| Source of classification or shelving scheme |
|
| Koha item type |
Book |